Les Plus Vastes Empire de l'Histoire - Statistiques

Statistiques générales
  • Ce quiz a été pris 239 fois
    183 depuis la dernière actualisation
  • Le résultat moyen est 11 sur 20
Statistiques - réponses
Hint Réponse % Correct
1 Empire Colonial Britannique
85%
2 Empire Mongol
77%
7 Second Empire Colonial Français
72%
15 Premier Empire Colonial Français
70%
3 Empire Russe
69%
20 Empire Romain
68%
4 Empire Colonial Espagnol
65%
11 Empire Colonial Portugais
59%
19 Empire Ottoman
59%
- Empire Japonais
56%
- Empire de la Dynastie Han
54%
16 Empire de la Dynastie Ming
54%
6 Empire de la Dynastie Qing
54%
- Empire de la Dynastie Tang
54%
9 Empire de la Dynastie Yuan
54%
13 Empire Achéménide
51%
12 Empire Brésilien
25%
8 Califat Abbasside
21%
5 Califat Omeyyades
21%
18 Califat Rashidun
21%
Aucun quiz correspondant
Distribution des résultats
% des personnes avec chaque résultat
Percentile par nombre de réponses
Votre historique - résultats
Vous n’avez pas pris ce quiz depuis la dernière actualisation